| 000 | 01349nam a22003497i 4500 | ||
|---|---|---|---|
| 003 | EG-ScBUE | ||
| 005 | 20240206100903.0 | ||
| 008 | 220731s2024 ua f 000 0 ara d | ||
| 017 | _a2023 / 27954 | ||
| 020 | _a9789778063981 | ||
| 020 | _a9789778063971 | ||
| 040 |
_aEG-ScBUE _bara _erda _cEG-ScBUE _dEG-ScBUE |
||
| 041 | 1 |
_aara _heng |
|
| 082 | 0 | 4 |
_222 _a158.1 _bهـ و ل |
| 100 | 1 |
_aهولينز، بيتر، _eمؤلف. |
|
| 240 | 1 | 0 |
_aNeuro habits. _lArabic |
| 245 | 1 | 2 |
_aالعادات العصبية / _cبيتر هولينز ؛ ترجمة مروة مدين. |
| 246 | 3 | 4 |
_aعادات العصبية : _bكيف تبني عادات إيجابية وتتخلص من عاداتك السلبية ؟ |
| 250 | _aالطبعة العربية الأولى. | ||
| 264 | 1 |
_aالقاهرة : _bدار دون للنشر والتوزيع، _c2024. |
|
| 300 |
_a158 صفحة ؛ _c20 سم |
||
| 336 |
_2rdacontent _aنص _btxt |
||
| 337 |
_2rdamedia _aبدون وسيط _bn |
||
| 338 |
_2rdacarrier _aمجلد _bnc |
||
| 541 | _aBook Fair 2024. | ||
| 546 | _aالنص باللغة العربية وتم ترجمته من اللغة الإنجليزية. | ||
| 650 | 7 |
_aالشخصية (علم النفس). _2BUEsh |
|
| 653 |
_cFebruary2024 _bHHUUPPSS |
||
| 655 | _vReading book | ||
| 700 | 1 |
_aمدين، مروة، _eمترجم. |
|
| 942 | _2ddc | ||
| 999 |
_c30629 _d30600 |
||